Estatísticas para Participantes do Big Brother Brasil 7

Clique aqui para jogar o quiz

Estatísticas Gerais

  • Esse quiz foi jogado 17 vezes
  • A pontuação média é 12 de 16

Estatísticas das Respostas

ColocaçãoParticipante% Correto
Alberto Baptista
100%
Diego Alemão
100%
Fani Pacheco
100%
Íris Stefanelli
100%
Flávia Viana
93%
Carollini Honório
87%
Airton Cabral
73%
13ºAlan Pierre
73%
Analy Rosa
73%
Bruna Tavares
73%
11ºFernando Luiz
73%
10ºBruno Jácome
67%
12ºFelipe Cobra
60%
16ºJuliana Regueiro
47%
15ºDaniel Ambrósio
27%
14ºLiane Mendes
20%

Distribuição das Pontuações

Percentil de Números Respondidos

Porcentagem de Pessoas com Cada Pontuação

Sua Pontuação Histórica

Você não jogou esse quiz